[Event "DVM U20 2017"]
[Site "Düsseldorf GER"]
[Date "2017.12.27"]
[Round "1"]
[White "Eichstaedt, Mirko"]
[Black "Kollars, Dmitrij"]
[Result "0-1"]
[Termination "normal"]
[Board "1.1"]
[WhiteTitle "CM"]
[BlackTitle "GM"]
[WhiteElo "2147"]
[BlackElo "2501"]
[WhiteClock "00:15:13"]
[BlackClock "00:18:44"]
[WhiteTeam "USV Potsdam"]
[BlackTeam "Hamburger SK"]
[PlyCount "114"]
[WhiteFideId "24692310"]
[BlackFideId "12909572"]
[EventCountry "GER"]
[EventRounds "7"]
[EventType "team-swiss"]
[EventDate "2017.12.26"]

1. d4 Nf6 2. c4 g6 3. Nc3 {[%clk 1:31:30]} Bg7 {[%clk 1:31:06]} 4. e4 O-O
{[%clk 1:30:47]} 5. f3 {[%clk 1:31:48]} d6 {[%clk 1:30:18]} 6. Be3 {[%clk
1:32:04]} c5 {[%clk 1:29:58]} 7. dxc5 {[%clk 1:30:08]} dxc5 {[%clk 1:30:10]} 8.
Qxd8 {[%clk 1:30:25]} Rxd8 {[%clk 1:30:31]} 9. Bxc5 {[%clk 1:30:38]} Nc6 {[%clk
1:30:42]} 10. Be3 {[%clk 1:30:33]} b6 {[%clk 1:26:45]} 11. Rc1 {[%clk 1:18:23]}
Nd7 {[%clk 1:21:38]} 12. b3 {[%clk 1:13:06]} Nc5 {[%clk 1:19:31]} 13. Nd5
{[%clk 1:11:05]} e6 {[%clk 1:09:17]} 14. Bg5 {[%clk 1:08:29]} exd5 {[%clk
0:56:53]} 15. Bxd8 {[%clk 1:00:36]} dxe4 {[%clk 0:54:29]} 16. Bg5 {[%clk
0:58:51]} Nb4 {[%clk 0:53:26]} 17. Rd1 {[%clk 0:50:27]} Bf5 {[%clk 0:50:31]}
18. g4 {[%clk 0:32:14]} Be6 {[%clk 0:47:57]} 19. h3 {[%clk 0:31:16]} Nxa2
{[%clk 0:45:24]} 20. Rh2 {[%clk 0:30:24]} Nc3 {[%clk 0:43:37]} 21. Rd8+ {[%clk
0:30:44]} Rxd8 {[%clk 0:44:01]} 22. Bxd8 {[%clk 0:28:29]} Nxb3 {[%clk 0:41:02]}
23. fxe4 {[%clk 0:22:20]} a5 {[%clk 0:41:02]} 24. Be7 {[%clk 0:20:30]} Nxe4
{[%clk 0:33:48]} 25. Nf3 {[%clk 0:18:08]} Nbc5 {[%clk 0:29:23]} 26. Ra2 {[%clk
0:16:02]} b5 {[%clk 0:28:41]} 27. Ng5 {[%clk 0:15:54]} Nxg5 {[%clk 0:25:52]}
28. Bxc5 {[%clk 0:15:54]} a4 {[%clk 0:24:02]} 29. Ra3 {[%clk 0:14:31]} Bb2
{[%clk 0:16:04]} 30. cxb5 {[%clk 0:13:31]} Ne4 {[%clk 0:10:58]} 31. Rxa4 {[%clk
0:13:54]} Nxc5 {[%clk 0:11:11]} 32. Ra8+ {[%clk 0:13:40]} Kg7 {[%clk 0:11:36]}
33. Bg2 {[%clk 0:12:20]} Nd7 {[%clk 0:09:44]} 34. Bc6 {[%clk 0:12:27]} Nb6
{[%clk 0:09:47]} 35. Rb8 {[%clk 0:12:24]} Bd4 {[%clk 0:10:04]} 36. Ke2 {[%clk
0:10:09]} h6 {[%clk 0:07:06]} 37. Kf3 {[%clk 0:10:08]} Kf6 {[%clk 0:04:50]} 38.
h4 {[%clk 0:10:08]} g5 {[%clk 0:04:21]} 39. h5 {[%clk 0:09:32]} Nc4 {[%clk
0:04:09]} 40. Ba8 {[%clk 0:00:39]} Ba7 {[%clk 0:03:43]} 41. Rd8 {[%clk
0:29:59]} Ne5+ {[%clk 0:02:20]} 42. Ke4 {[%clk 0:28:45]} Ke7 {[%clk 0:31:06]}
43. Rh8 {[%clk 0:28:37]} Nxg4 {[%clk 0:31:23]} 44. Bc6 {[%clk 0:28:10]} Kf6
{[%clk 0:26:21]} 45. Ra8 {[%clk 0:26:25]} Bg1 {[%clk 0:25:22]} 46. Ra1 {[%clk
0:25:53]} Bc5 {[%clk 0:21:30]} 47. Ra6 {[%clk 0:26:10]} Nf2+ {[%clk 0:20:44]}
48. Kf3 {[%clk 0:22:11]} Ng4 {[%clk 0:21:04]} 49. Be4 {[%clk 0:21:23]} Ne5+
{[%clk 0:20:42]} 50. Kg2 {[%clk 0:15:55]} Nc4 {[%clk 0:20:30]} 51. Bb1 {[%clk
0:16:09]} Nb6 {[%clk 0:19:40]} 52. Ba2 {[%clk 0:16:18]} Bg4 {[%clk 0:19:49]}
53. Ra7 {[%clk 0:16:12]} Bxh5 {[%clk 0:19:39]} 54. Rc7 {[%clk 0:15:42]} Bd4
{[%clk 0:19:07]} 55. Rc6+ {[%clk 0:15:54]} Kg7 {[%clk 0:19:28]} 56. Bb1 {[%clk
0:15:13]} Be2 {[%clk 0:19:02]} 57. Rd6 Bc5 {[%clk 0:18:44]} 0-1

[Event "DVM U20 2017"]
[Site "Düsseldorf GER"]
[Date "2017.12.27"]
[Round "1"]
[White "Kramer, Julian"]
[Black "Tiarks, Jann-Christian"]
[Result "1-0"]
[Termination "normal"]
[Board "1.2"]
[WhiteTitle "FM"]
[WhiteElo "2373"]
[BlackElo "2123"]
[WhiteClock "00:37:45"]
[BlackClock "00:44:20"]
[WhiteTeam "Hamburger SK"]
[BlackTeam "USV Potsdam"]
[PlyCount "55"]
[WhiteFideId "12921742"]
[BlackFideId "12951595"]
[EventCountry "GER"]
[EventRounds "7"]
[EventType "team-swiss"]
[EventDate "2017.12.26"]

1. e4 {[%clk 1:30:55]} c5 {[%clk 1:30:54]} 2. Nf3 {[%clk 1:31:14]} e6 {[%clk
1:31:17]} 3. d4 {[%clk 1:31:32]} cxd4 {[%clk 1:31:39]} 4. Nxd4 {[%clk 1:31:55]}
Nc6 {[%clk 1:32:04]} 5. Nc3 {[%clk 1:32:18]} Qc7 {[%clk 1:32:28]} 6. Be3 {[%clk
1:31:18]} a6 {[%clk 1:32:47]} 7. Qd2 {[%clk 1:31:41]} Nf6 {[%clk 1:32:42]} 8.
O-O-O {[%clk 1:31:47]} Be7 {[%clk 1:32:58]} 9. f3 {[%clk 1:32:07]} b5 {[%clk
1:33:11]} 10. Nxc6 {[%clk 1:28:14]} dxc6 {[%clk 1:32:10]} 11. Qf2 {[%clk
1:20:06]} c5 {[%clk 1:27:05]} 12. g4 {[%clk 1:15:29]} Bb7 {[%clk 1:23:22]} 13.
g5 {[%clk 1:13:31]} Nh5 {[%clk 1:19:57]} 14. Bh3 {[%clk 1:08:47]} Bd6 {[%clk
1:12:44]} 15. Bg4 {[%clk 0:49:54]} Nf4 {[%clk 1:09:24]} 16. Rxd6 {[%clk
0:49:22]} Qxd6 {[%clk 1:09:48]} 17. Qg3 {[%clk 0:45:23]} e5 {[%clk 1:09:19]}
18. Rd1 {[%clk 0:45:49]} Qc7 {[%clk 1:04:58]} 19. Bd7+ {[%clk 0:43:49]} Ke7
{[%clk 1:03:08]} 20. Qg1 {[%clk 0:39:39]} f6 {[%clk 0:46:01]} 21. gxf6+ {[%clk
0:36:24]} Kxf6 {[%clk 0:46:25]} 22. Bxf4 {[%clk 0:36:46]} exf4 {[%clk 0:46:46]}
23. Nd5+ {[%clk 0:37:09]} Bxd5 {[%clk 0:47:04]} 24. Rxd5 {[%clk 0:37:27]} g6
{[%clk 0:45:28]} 25. Qg5+ {[%clk 0:36:43]} Kg7 {[%clk 0:44:11]} 26. Qe7+ {[%clk
0:37:07]} Kh6 {[%clk 0:44:06]} 27. Rh5+ {[%clk 0:37:19]} Kxh5 {[%clk 0:44:20]}
28. Bg4+ {[%clk 0:37:45]} 1-0

[Event "DVM U20 2017"]
[Site "Düsseldorf GER"]
[Date "2017.12.27"]
[Round "1"]
[White "Cech, Tim"]
[Black "Uksini, Bardhyl"]
[Result "0-1"]
[Termination "normal"]
[Board "1.3"]
[WhiteElo "2023"]
[BlackElo "2331"]
[WhiteClock "00:22:35"]
[BlackClock "00:42:08"]
[WhiteTeam "USV Potsdam"]
[BlackTeam "Hamburger SK"]
[PlyCount "90"]
[WhiteFideId "1270258"]
[BlackFideId "1628313"]
[EventCountry "GER"]
[EventRounds "7"]
[EventType "team-swiss"]
[EventDate "2017.12.26"]

1. d4 {[%clk 1:30:57]} Nf6 {[%clk 1:30:52]} 2. Nf3 {[%clk 1:31:17]} e6 {[%clk
1:29:58]} 3. g3 {[%clk 1:30:26]} c5 {[%clk 1:27:21]} 4. Bg2 {[%clk 1:28:26]}
Nc6 {[%clk 1:25:45]} 5. O-O {[%clk 1:24:11]} b6 {[%clk 1:24:32]} 6. b3 {[%clk
1:17:32]} Bb7 {[%clk 1:23:20]} 7. Bb2 {[%clk 1:17:11]} Be7 {[%clk 1:19:19]} 8.
c4 {[%clk 1:13:11]} d6 {[%clk 1:12:17]} 9. Nc3 {[%clk 1:06:51]} O-O {[%clk
1:08:51]} 10. Re1 {[%clk 0:59:52]} d5 {[%clk 1:01:10]} 11. cxd5 {[%clk
0:54:46]} exd5 {[%clk 0:56:59]} 12. e3 {[%clk 0:53:42]} Rc8 {[%clk 0:50:56]}
13. Rc1 {[%clk 0:50:57]} cxd4 {[%clk 0:38:22]} 14. Nxd4 {[%clk 0:50:35]} Ne5
{[%clk 0:38:10]} 15. Nf5 {[%clk 0:43:10]} Bb4 {[%clk 0:36:18]} 16. a3 {[%clk
0:41:47]} Bxc3 {[%clk 0:32:06]} 17. Rxc3 {[%clk 0:35:18]} Re8 {[%clk 0:28:55]}
18. Qe2 {[%clk 0:28:05]} Ne4 {[%clk 0:23:40]} 19. Rxc8 {[%clk 0:23:04]} Qxc8
{[%clk 0:22:57]} 20. Bxe5 {[%clk 0:16:42]} Qxf5 {[%clk 0:21:48]} 21. Bd4 {[%clk
0:14:33]} Rc8 {[%clk 0:22:06]} 22. Rd1 {[%clk 0:13:35]} f6 {[%clk 0:16:21]} 23.
Qb2 {[%clk 0:08:24]} Nxg3 {[%clk 0:13:42]} 24. fxg3 {[%clk 0:06:26]} Rc2 {[%clk
0:13:36]} 25. Rf1 {[%clk 0:06:42]} Qd3 {[%clk 0:13:37]} 26. Bxf6 {[%clk
0:02:56]} Qxe3+ {[%clk 0:12:36]} 27. Kh1 {[%clk 0:03:19]} Rxb2 {[%clk 0:12:33]}
28. Bxb2 {[%clk 0:03:47]} Qxb3 {[%clk 0:12:29]} 29. Bd4 {[%clk 0:03:12]} Qc4
{[%clk 0:12:00]} 30. Bb2 {[%clk 0:01:53]} d4 {[%clk 0:12:15]} 31. Rf2 {[%clk
0:01:08]} Bd5 {[%clk 0:11:25]} 32. Bxd5+ {[%clk 0:00:41]} Qxd5+ {[%clk
0:11:51]} 33. Kg1 {[%clk 0:01:07]} d3 {[%clk 0:12:04]} 34. Rd2 {[%clk 0:01:11]}
Qf3 {[%clk 0:12:07]} 35. Bc3 {[%clk 0:00:52]} Qe3+ {[%clk 0:11:51]} 36. Kg2
{[%clk 0:00:42]} Qe4+ {[%clk 0:11:30]} 37. Kg1 {[%clk 0:00:39]} Qc4 {[%clk
0:11:33]} 38. Bb2 {[%clk 0:00:43]} Kf7 {[%clk 0:11:57]} 39. Kf2 {[%clk
0:00:39]} Qe4 {[%clk 0:12:21]} 40. Bc3 {[%clk 0:00:38]} g5 {[%clk 0:12:35]} 41.
h3 {[%clk 0:27:29]} Ke6 {[%clk 0:42:44]} 42. Rb2 {[%clk 0:25:53]} Qc4 {[%clk
0:41:28]} 43. Bg7 {[%clk 0:22:44]} Kf7 {[%clk 0:41:13]} 44. Bh8 {[%clk
0:22:34]} Kg8 {[%clk 0:41:40]} 45. Bf6 {[%clk 0:22:35]} Qf7 {[%clk 0:42:08]}
0-1

[Event "DVM U20 2017"]
[Site "Düsseldorf GER"]
[Date "2017.12.27"]
[Round "1"]
[White "Shevelko, Alexander"]
[Black "Elbracht, Michael"]
[Result "1/2-1/2"]
[Termination "normal"]
[Board "1.5"]
[WhiteElo "1883"]
[BlackElo "2008"]
[WhiteClock "00:09:52"]
[BlackClock "00:16:27"]
[WhiteTeam "USV Potsdam"]
[BlackTeam "Hamburger SK"]
[PlyCount "57"]
[WhiteFideId "12952125"]
[BlackFideId "12945595"]
[EventCountry "GER"]
[EventRounds "7"]
[EventType "team-swiss"]
[EventDate "2017.12.26"]

1. d4 {[%clk 1:30:57]} Nf6 {[%clk 1:30:49]} 2. Nf3 {[%clk 1:31:21]} g6 {[%clk
1:31:11]} 3. g3 {[%clk 1:31:20]} Bg7 {[%clk 1:31:34]} 4. Bg2 {[%clk 1:31:45]}
O-O {[%clk 1:31:57]} 5. O-O {[%clk 1:32:13]} d6 {[%clk 1:31:16]} 6. c4 {[%clk
1:32:25]} Nbd7 {[%clk 1:29:34]} 7. Nc3 {[%clk 1:31:20]} c5 {[%clk 1:28:41]} 8.
e4 {[%clk 1:29:00]} cxd4 {[%clk 1:26:01]} 9. Nxd4 {[%clk 1:29:08]} Ne5 {[%clk
1:22:42]} 10. b3 {[%clk 1:24:42]} Bd7 {[%clk 1:22:27]} 11. h3 {[%clk 1:21:19]}
Nc6 {[%clk 1:18:13]} 12. Be3 {[%clk 1:11:39]} a6 {[%clk 1:15:04]} 13. Kh2
{[%clk 1:04:21]} Rc8 {[%clk 1:12:44]} 14. Rc1 {[%clk 1:03:44]} Nxd4 {[%clk
1:00:25]} 15. Bxd4 {[%clk 1:03:49]} Bc6 {[%clk 1:00:41]} 16. Nd5 {[%clk
1:00:18]} Bxd5 {[%clk 0:51:37]} 17. cxd5 {[%clk 0:51:06]} Rxc1 {[%clk 0:39:42]}
18. Qxc1 {[%clk 0:51:26]} Ng4+ {[%clk 0:38:42]} 19. hxg4 {[%clk 0:51:05]} Bxd4
{[%clk 0:39:07]} 20. Qc4 {[%clk 0:46:03]} Qb6 {[%clk 0:37:13]} 21. f4 {[%clk
0:36:47]} Bc5 {[%clk 0:30:59]} 22. g5 {[%clk 0:30:03]} Qa5 {[%clk 0:27:37]} 23.
Qe2 {[%clk 0:25:48]} Qc3 {[%clk 0:25:07]} 24. Bh3 {[%clk 0:25:10]} Bd4 {[%clk
0:21:31]} 25. Rd1 {[%clk 0:18:52]} Kg7 {[%clk 0:17:53]} 26. Qd3 {[%clk
0:17:37]} Qxd3 {[%clk 0:18:09]} 27. Rxd3 {[%clk 0:18:00]} Bc5 {[%clk 0:18:30]}
28. Rd1 {[%clk 0:10:55]} a5 {[%clk 0:16:27]} 29. Rc1 {[%clk 0:09:52]} 1/2-1/2

[Event "DVM U20 2017"]
[Site "Düsseldorf GER"]
[Date "2017.12.27"]
[Round "1"]
[White "Machalitza, Marvin"]
[Black "Ender, Paul Marius"]
[Result "1-0"]
[Termination "normal"]
[Board "1.6"]
[WhiteElo "1766"]
[BlackElo "1800"]
[WhiteClock "00:00:39"]
[BlackClock "00:00:36"]
[WhiteTeam "Hamburger SK"]
[BlackTeam "USV Potsdam"]
[PlyCount "51"]
[WhiteFideId "16255933"]
[BlackFideId "12936545"]
[EventCountry "GER"]
[EventRounds "7"]
[EventType "team-swiss"]
[EventDate "2017.12.26"]

1. Nc3 {[%clk 1:30:56]} e5 {[%clk 1:29:38]} 2. Nf3 {[%clk 1:31:10]} d6 {[%clk
1:29:21]} 3. d4 {[%clk 1:31:14]} exd4 {[%clk 1:28:38]} 4. Nxd4 {[%clk 1:30:35]}
Nf6 {[%clk 1:28:38]} 5. e4 {[%clk 1:28:16]} Be7 {[%clk 1:28:37]} 6. Bc4 {[%clk
1:23:32]} O-O {[%clk 1:25:35]} 7. O-O {[%clk 1:11:04]} h6 {[%clk 1:23:43]} 8.
Kh1 {[%clk 1:02:30]} Nbd7 {[%clk 0:52:59]} 9. f4 {[%clk 1:00:13]} Re8 {[%clk
0:47:32]} 10. Qf3 {[%clk 0:29:19]} Bf8 {[%clk 0:39:15]} 11. Re1 {[%clk
0:21:18]} Nc5 {[%clk 0:29:36]} 12. h3 {[%clk 0:15:56]} d5 {[%clk 0:16:02]} 13.
Nxd5 Ncxe4 {[%clk 0:09:08]} 14. Nxf6+ {[%clk 0:11:57]} Nxf6 {[%clk 0:09:03]}
15. Rxe8 {[%clk 0:12:16]} Nxe8 {[%clk 0:06:52]} 16. Be3 {[%clk 0:11:20]} Bc5
{[%clk 0:04:30]} 17. Rd1 {[%clk 0:10:44]} Qe7 {[%clk 0:04:43]} 18. Bf2 {[%clk
0:07:22]} Bxd4 {[%clk 0:03:20]} 19. Rxd4 {[%clk 0:06:53]} Nd6 {[%clk 0:03:17]}
20. Bb3 {[%clk 0:04:06]} Bd7 {[%clk 0:02:35]} 21. Rd1 {[%clk 0:02:34]} Bc6
{[%clk 0:02:32]} 22. Qg4 {[%clk 0:01:52]} a6 {[%clk 0:00:49]} 23. Bd4 {[%clk
0:01:10]} Qf8 {[%clk 0:00:38]} 24. Rd3 {[%clk 0:00:52]} Rd8 {[%clk 0:00:36]}
25. f5 {[%clk 0:00:38]} Nb5 {[%clk 0:00:36]} 26. Bxg7 {[%clk 0:00:39]} 1-0

[Event "DVM U20 2017"]
[Site "Düsseldorf GER"]
[Date "2017.12.27"]
[Round "1"]
[White "Xu, Xianliang"]
[Black "Oberhofer, Cédric"]
[Result "1/2-1/2"]
[Termination "normal"]
[Board "2.1"]
[WhiteTitle "FM"]
[WhiteElo "2401"]
[BlackElo "2120"]
[WhiteClock "00:27:19"]
[BlackClock "00:01:31"]
[WhiteTeam "SG Porz"]
[BlackTeam "SC Bavaria Regensburg"]
[PlyCount "81"]
[WhiteFideId "4603230"]
[BlackFideId "12941220"]
[EventCountry "GER"]
[EventRounds "7"]
[EventType "team-swiss"]
[EventDate "2017.12.26"]

1. e4 {[%clk 1:30:52]} c5 {[%clk 1:30:48]} 2. c3 {[%clk 1:30:58]} g6 {[%clk
1:30:49]} 3. d4 {[%clk 1:30:46]} cxd4 {[%clk 1:31:10]} 4. cxd4 {[%clk 1:30:39]}
d5 {[%clk 1:31:30]} 5. exd5 {[%clk 1:29:46]} Nf6 {[%clk 1:31:12]} 6. Bb5+
{[%clk 1:29:24]} Nbd7 {[%clk 1:31:08]} 7. Nc3 {[%clk 1:29:34]} Bg7 {[%clk
1:29:52]} 8. d6 {[%clk 1:27:03]} O-O {[%clk 1:26:50]} 9. dxe7 {[%clk 1:27:02]}
Qxe7+ {[%clk 1:27:19]} 10. Nge2 {[%clk 1:27:25]} a6 {[%clk 1:23:10]} 11. Bd3
{[%clk 1:24:00]} b5 {[%clk 1:22:36]} 12. Bg5 {[%clk 1:20:30]} Bb7 {[%clk
1:14:46]} 13. O-O {[%clk 1:15:52]} b4 {[%clk 1:07:28]} 14. Na4 {[%clk 1:12:25]}
Qd6 {[%clk 1:05:22]} 15. Bf4 {[%clk 1:06:06]} Qc6 {[%clk 0:56:45]} 16. f3
{[%clk 1:06:28]} Nd5 {[%clk 0:53:35]} 17. Rc1 {[%clk 1:02:16]} Qf6 {[%clk
0:44:32]} 18. Bd2 {[%clk 1:01:20]} Rac8 {[%clk 0:38:35]} 19. Qb3 {[%clk
0:54:58]} Qd6 {[%clk 0:36:33]} 20. Be4 {[%clk 0:50:28]} a5 {[%clk 0:35:34]} 21.
Rfe1 {[%clk 0:45:33]} Kh8 {[%clk 0:32:47]} 22. Kh1 {[%clk 0:43:49]} f5 {[%clk
0:29:42]} 23. Bd3 {[%clk 0:43:11]} Rfe8 {[%clk 0:27:26]} 24. Rxc8 {[%clk
0:40:45]} Rxc8 {[%clk 0:27:30]} 25. Bb5 {[%clk 0:39:18]} Bc6 {[%clk 0:19:19]}
26. Rc1 {[%clk 0:37:34]} Rc7 {[%clk 0:19:39]} 27. Qd3 {[%clk 0:35:15]} Bxb5
{[%clk 0:12:59]} 28. Qxb5 {[%clk 0:35:39]} Rxc1+ {[%clk 0:13:13]} 29. Bxc1
{[%clk 0:35:51]} Nc7 {[%clk 0:13:15]} 30. Qc4 {[%clk 0:25:17]} Ne6 {[%clk
0:11:06]} 31. Be3 {[%clk 0:17:16]} h5 {[%clk 0:09:27]} 32. b3 {[%clk 0:12:15]}
f4 {[%clk 0:08:04]} 33. Bf2 {[%clk 0:12:19]} g5 {[%clk 0:07:33]} 34. h3 {[%clk
0:09:35]} g4 {[%clk 0:05:16]} 35. fxg4 {[%clk 0:05:56]} hxg4 {[%clk 0:05:39]}
36. d5 {[%clk 0:04:05]} Ne5 {[%clk 0:02:52]} 37. Qe4 {[%clk 0:03:10]} Ng5
{[%clk 0:02:02]} 38. Qxf4 {[%clk 0:02:07]} Nxh3 {[%clk 0:02:21]} 39. Qg3 {[%clk
0:00:46]} Nxf2+ {[%clk 0:01:34]} 40. Qxf2 {[%clk 0:01:14]} Qxd5 {[%clk
0:01:31]} 41. Nf4 {[%clk 0:27:19]} 1/2-1/2

[Event "DVM U20 2017"]
[Site "Düsseldorf GER"]
[Date "2017.12.27"]
[Round "1"]
[White "Gabler, Eric"]
[Black "Fieberg, Samuel"]
[Result "0-1"]
[Termination "normal"]
[Board "2.2"]
[WhiteElo "2078"]
[BlackElo "2234"]
[WhiteClock "00:00:46"]
[BlackClock "00:01:31"]
[WhiteTeam "SC Bavaria Regensburg"]
[BlackTeam "SG Porz"]
[PlyCount "132"]
[WhiteFideId "12949841"]
[BlackFideId "12901717"]
[EventCountry "GER"]
[EventRounds "7"]
[EventType "team-swiss"]
[EventDate "2017.12.26"]

1. d4 {[%clk 1:30:56]} d5 {[%clk 1:30:55]} 2. c4 {[%clk 1:31:14]} c6 {[%clk
1:31:20]} 3. cxd5 {[%clk 1:29:36]} cxd5 {[%clk 1:31:44]} 4. Nc3 {[%clk
1:30:00]} Nf6 {[%clk 1:32:00]} 5. Bf4 {[%clk 1:29:30]} Nc6 {[%clk 1:31:06]} 6.
e3 {[%clk 1:28:32]} e6 {[%clk 1:28:27]} 7. Bd3 {[%clk 1:24:52]} Bd7 {[%clk
1:26:47]} 8. h3 {[%clk 1:19:24]} Be7 {[%clk 1:25:53]} 9. Nf3 {[%clk 1:13:55]}
O-O {[%clk 1:20:55]} 10. O-O {[%clk 1:10:04]} Nh5 {[%clk 1:20:46]} 11. Bh2
{[%clk 1:10:08]} f5 {[%clk 1:21:10]} 12. Ne5 {[%clk 1:09:00]} Nf6 {[%clk
1:20:59]} 13. Rc1 {[%clk 1:02:34]} Ne4 {[%clk 1:05:28]} 14. Nb5 {[%clk
0:43:33]} Nxe5 {[%clk 0:34:57]} 15. Bxe5 {[%clk 0:42:07]} Bxb5 {[%clk 0:34:54]}
16. Bxb5 {[%clk 0:42:11]} Bd6 {[%clk 0:34:55]} 17. f3 {[%clk 0:34:12]} Bxe5
{[%clk 0:27:47]} 18. fxe4 {[%clk 0:33:04]} Bd6 {[%clk 0:28:09]} 19. exd5 {[%clk
0:26:08]} exd5 {[%clk 0:28:34]} 20. Qf3 {[%clk 0:25:57]} Kh8 {[%clk 0:27:49]}
21. Rc3 {[%clk 0:24:27]} Bb4 {[%clk 0:19:29]} 22. Rb3 {[%clk 0:23:28]} Ba5
{[%clk 0:16:34]} 23. Bd3 {[%clk 0:22:37]} Bb6 {[%clk 0:07:38]} 24. Rb5 {[%clk
0:21:11]} g6 {[%clk 0:04:18]} 25. Rxd5 {[%clk 0:20:44]} Qc7 {[%clk 0:03:40]}
26. h4 {[%clk 0:09:19]} Rae8 {[%clk 0:02:50]} 27. h5 {[%clk 0:07:49]} Qe7
{[%clk 0:03:04]} 28. Re5 {[%clk 0:05:55]} Qg5 {[%clk 0:03:24]} 29. Rxe8 {[%clk
0:01:41]} Rxe8 {[%clk 0:03:50]} 30. Qf4 {[%clk 0:00:47]} Qxf4 {[%clk 0:03:35]}
31. exf4 {[%clk 0:00:48]} Bxd4+ {[%clk 0:03:53]} 32. Kh2 {[%clk 0:00:52]} Re3
{[%clk 0:02:46]} 33. Bc4 {[%clk 0:00:53]} g5 {[%clk 0:01:17]} 34. Rd1 {[%clk
0:00:33]} Re4 {[%clk 0:01:20]} 35. Kh3 {[%clk 0:00:31]} Rxf4 {[%clk 0:01:24]}
36. Re1 {[%clk 0:00:34]} Rh4+ {[%clk 0:01:00]} 37. Kg3 {[%clk 0:01:01]} Rg4+
{[%clk 0:01:24]} 38. Kf3 {[%clk 0:01:14]} Rf4+ {[%clk 0:01:44]} 39. Ke2 {[%clk
0:01:28]} Bxb2 {[%clk 0:01:07]} 40. Bd5 {[%clk 0:01:28]} Rb4 {[%clk 0:00:50]}
41. Rd1 {[%clk 0:00:44]} Kg7 {[%clk 0:00:35]} 42. Bf3 {[%clk 0:22:54]} Bd4
{[%clk 0:25:35]} 43. a3 {[%clk 0:18:07]} Rb2+ {[%clk 0:24:45]} 44. Kf1 {[%clk
0:18:26]} Be5 {[%clk 0:15:17]} 45. Rd7+ {[%clk 0:14:59]} Kh6 {[%clk 0:15:02]}
46. Re7 {[%clk 0:13:59]} Bf6 {[%clk 0:11:23]} 47. Rf7 {[%clk 0:13:35]} Rb6
{[%clk 0:10:23]} 48. Bxb7 {[%clk 0:12:45]} Kxh5 {[%clk 0:09:48]} 49. Rxh7+
{[%clk 0:13:00]} Kg4 {[%clk 0:10:12]} 50. Bf3+ {[%clk 0:11:18]} Kf4 {[%clk
0:10:36]} 51. Rxa7 {[%clk 0:11:27]} g4 {[%clk 0:08:38]} 52. Bd1 {[%clk
0:11:29]} Ke3 {[%clk 0:07:17]} 53. Rd7 {[%clk 0:08:00]} Rb1 {[%clk 0:06:46]}
54. g3 {[%clk 0:02:50]} Bd4 {[%clk 0:03:44]} 55. Ke1 {[%clk 0:02:05]} f4 {[%clk
0:02:41]} 56. gxf4 {[%clk 0:01:18]} g3 {[%clk 0:03:02]} 57. Re7+ {[%clk
0:01:39]} Kd3 {[%clk 0:03:26]} 58. Kf1 {[%clk 0:01:04]} Rxd1+ {[%clk 0:03:39]}
59. Kg2 {[%clk 0:01:23]} Rg1+ {[%clk 0:03:54]} 60. Kh3 {[%clk 0:01:25]} Be3
{[%clk 0:03:10]} 61. f5 {[%clk 0:01:10]} Ke2 {[%clk 0:03:06]} 62. Kg4 {[%clk
0:00:36]} Kf2 {[%clk 0:01:38]} 63. f6 {[%clk 0:00:58]} Rh1 {[%clk 0:01:03]} 64.
f7 {[%clk 0:01:03]} Rh8 {[%clk 0:00:44]} 65. Re8 {[%clk 0:01:22]} g2 {[%clk
0:01:08]} 66. Rxh8 {[%clk 0:00:46]} g1=Q+ {[%clk 0:01:31]} *

[Event "DVM U20 2017"]
[Site "Düsseldorf GER"]
[Date "2017.12.27"]
[Round "1"]
[White "Bunyatov, Rustam"]
[Black "Dechant, Georg"]
[Result "1-0"]
[Termination "normal"]
[Board "2.3"]
[WhiteTitle "FM"]
[WhiteElo "2166"]
[BlackElo "2060"]
[WhiteClock "00:27:10"]
[BlackClock "01:12:26"]
[WhiteTeam "SG Porz"]
[BlackTeam "SC Bavaria Regensburg"]
[PlyCount "103"]
[WhiteFideId "13410210"]
[BlackFideId "12956716"]
[EventCountry "GER"]
[EventRounds "7"]
[EventType "team-swiss"]
[EventDate "2017.12.26"]

1. e4 {[%clk 1:30:57]} c5 {[%clk 1:30:53]} 2. Ne2 {[%clk 1:31:19]} Nc6 {[%clk
1:31:17]} 3. Nbc3 {[%clk 1:31:11]} e6 {[%clk 1:30:09]} 4. d4 {[%clk 1:31:10]}
cxd4 {[%clk 1:30:32]} 5. Nxd4 {[%clk 1:31:33]} Qc7 {[%clk 1:30:58]} 6. Be2
{[%clk 1:31:26]} a6 {[%clk 1:31:06]} 7. O-O {[%clk 1:31:32]} Nf6 {[%clk
1:31:26]} 8. a3 {[%clk 1:26:08]} Be7 {[%clk 1:27:02]} 9. Be3 {[%clk 1:26:08]}
O-O {[%clk 1:27:16]} 10. f4 {[%clk 1:24:43]} d6 {[%clk 1:24:54]} 11. Nb3 {[%clk
1:20:55]} b5 {[%clk 1:23:40]} 12. Qe1 {[%clk 1:20:14]} b4 {[%clk 1:21:55]} 13.
axb4 {[%clk 1:10:06]} Nxb4 {[%clk 1:21:37]} 14. Qd2 {[%clk 0:56:44]} d5 {[%clk
1:20:02]} 15. e5 {[%clk 0:48:15]} Ne4 {[%clk 1:16:49]} 16. Nxe4 {[%clk
0:46:09]} dxe4 {[%clk 1:17:07]} 17. c3 {[%clk 0:45:55]} Rd8 {[%clk 1:16:41]}
18. Nd4 {[%clk 0:45:03]} Nd5 {[%clk 1:16:10]} 19. Rfd1 {[%clk 0:37:57]} Bb7 20.
Rac1 Rac8 21. Bg4 Bc5 22. Bf2 Qe7 23. g3 Ba8 24. Bh3 e3 {[%clk 0:52:26]} 25.
Bxe3 {[%clk 0:22:16]} Nxe3 {[%clk 0:52:49]} 26. Qxe3 {[%clk 0:22:31]} Qb7
{[%clk 0:53:13]} 27. Bf1 Qh1+ 28. Kf2 {[%clk 0:18:16]} Qxh2+ {[%clk 0:52:31]}
29. Ke1 {[%clk 0:18:41]} Rxd4 {[%clk 0:50:26]} 30. Rxd4 {[%clk 0:17:27]} Bxd4
{[%clk 0:48:27]} 31. Qxd4 Qxb2 32. Rd1 Bd5 33. c4 Qxd4 34. Rxd4 Bc6 35. Kd2 g6
36. Kc3 a5 37. Rd6 Kf8 38. c5 Bb5 39. Bxb5 Rxc5+ 40. Bc4 g5 41. Kd4 Rc7 42. Ra6
Kg7 43. Rxa5 h6 44. Bd3 Rc1 45. Ke3 Rg1 46. Kf3 {[%clk 0:02:05]} Rd1 {[%clk
0:43:35]} 47. Ra3 {[%clk 0:29:49]} gxf4 {[%clk 1:13:15]} 48. gxf4 {[%clk
0:30:13]} h5 {[%clk 1:13:34]} 49. Be2 {[%clk 0:29:45]} Rc1 {[%clk 1:13:15]} 50.
Ke4 {[%clk 0:26:33]} Kg6 {[%clk 1:12:21]} 51. Rg3+ {[%clk 0:26:54]} Kh6 {[%clk
1:12:26]} 52. Rh3 {[%clk 0:27:10]} 1-0